Lutero en el Paraíso: la Nueva España en el espejo del reformador alemán
I tiakina i:
| Kaituhi matua: | |
|---|---|
| Hōputu: | Pukapuka |
| Reo: | Pāniora |
| I whakaputaina: |
Ciudad de México, México
Fondo de Cultura Económica
2008
|
| Ngā marau: | |
| Ngā Tūtohu: |
Tāpirihia he Tūtohu
Kāore He Tūtohu, Me noho koe te mea tuatahi ki te tūtohu i tēnei pūkete!
|
MARC
| LEADER | 00000cam a2200000 a 4500 | ||
|---|---|---|---|
| 001 | UCF4038 | ||
| 003 | CL-VaPUC | ||
| 005 | 20240711134906.0 | ||
| 008 | 121115e20080000MX |||||||||||||||||spa|d | ||
| 600 | 0 | |a Lutero, Martín |d 1483-1546 |9 859309 | |
| 999 | |c 350034 |d 350032 | ||
| 020 | |a 9789681685225 | ||
| 040 | |c Pontificia Universidad Católica de Valparaíso | ||
| 082 | 0 | 4 | |a 284.133 MAY 2008 |2 21 |
| 100 | |a Mayer, Alicia |e autora |9 565673 | ||
| 245 | 1 | 0 | |a Lutero en el Paraíso: |b la Nueva España en el espejo del reformador alemán |
| 260 | |a Ciudad de México, México |b Fondo de Cultura Económica |c 2008 | ||
| 300 | |a 587 páginas | ||
| 583 | |a last modification |c 20121115 10:00:00 |k Rodrigo Vera | ||
| 650 | 7 | |a HISTORIA ECLESIASTICA |2 CL-VaPUC |9 565674 | |
| 650 | 7 | |a IGLESIA LUTERANA |2 CL-VaPUC |9 565675 | |
| 650 | 0 | |a Protestantismo |9 317293 | |
| 852 | |a BIBCUR | ||
| 942 | |c BK |2 ddc | ||
| 945 | |d 20121115 00:00:00 |a dcastane | ||
| 952 | |0 0 |1 0 |2 ddc |4 0 |6 284_133000000000000_MAY_2008 |7 0 |8 A |9 453004 |a BIBHIS |b BIBHIS |d 2019-11-22 |i 4924142 |l 7 |o 284.133 MAY 2008 |p 4924142 |r 2025-01-20 |s 2024-08-26 |t 1 |w 2019-11-22 |y BK |k HIS | ||